000 nam a22 7a 4500
999 _c126529
_d126529
008 170725b xxu||||| |||| 00| 0 eng d
050 _aD421.H59 1979
100 _aHowarth, Tony
_933479
245 _aTwentieth centuary history
_bThe world since 1900
_c/ Tony Howarth
260 _aLondon
_bLongan
_c1979
300 _avii, 312p. ;
_c26cm.
650 _aHistory, modern
_xJuvenile Literature
_y20th century
_933480
650 _aHistory, Modern
_y20th century
_926905
942 _2lcc
_cMONOGRAPH